Lí thuyết xác suất và thống kê
Enregistré dans:
| Auteur principal: | |
|---|---|
| Format: | Livre |
| Langue: | Undetermined |
| Publié: |
H.
Giáo dục Việt Nam
2009
|
| Sujets: | |
| Accès en ligne: | http://lrc.tdmu.edu.vn/opac/search/detail.asp?aID=2&ID=14092 |
| Tags: |
Ajouter un tag
Pas de tags, Soyez le premier à ajouter un tag!
|
| Thư viện lưu trữ: | Trung tâm Học liệu Trường Đại học Thủ Dầu Một |
|---|
| LEADER | 00659nam a2200193Ia 4500 | ||
|---|---|---|---|
| 001 | TDMU_14092 | ||
| 008 | 210410s9999 xx 000 0 und d | ||
| 082 | |a 519.2 | ||
| 090 | |b Đ312 | ||
| 100 | |a Đinh, Văn Gắng | ||
| 245 | 0 | |a Lí thuyết xác suất và thống kê | |
| 245 | 0 | |c Đinh Văn Gắng | |
| 260 | |a H. | ||
| 260 | |b Giáo dục Việt Nam | ||
| 260 | |c 2009 | ||
| 300 | |a 250 tr. | ||
| 650 | |a Toán |x Xác suất |x Lý thuyết; Toán |x Thống kê |x Lý thuyết | ||
| 856 | |u http://lrc.tdmu.edu.vn/opac/search/detail.asp?aID=2&ID=14092 | ||
| 980 | |a Trung tâm Học liệu Trường Đại học Thủ Dầu Một | ||